00387 2200157 4500001002100000005001500021035002000036245004400056100001900100300002600119260002800145082000800173084001400181020002200195990001200217INLIS00000000000312220251022013730 a0010-10250000261 aCinta Bukan Permainan /cNana Sastrawan0 aNana Sastrawan a204 hlm ;c13 x 19 cm aJakarta :bZettu,c2013 a813 a813 NAN c a978-602-7735-79-8 a0755909